| 000 | 00400nam a2200157 i 4500 | ||
|---|---|---|---|
| 001 | bg | ||
| 100 | 1 | _aLIPSKI, Jerzy | |
| 245 | 0 |
_aLaboratorium badania obrabiarek / _cJ. Lipski, K.Lutek, B. Opaliński. |
|
| 260 |
_aLublin, _c1980. |
||
| 700 | 1 | _aLUTEK, Kazimierz | |
| 700 | 1 | _aOPALIŃSKI, Bogusław | |
| 040 | _cBPK | ||
| 041 | _apol | ||
| 942 | _cKS | ||
| 008 | s pl f |000 0 pol | ||
| 999 |
_c20051 _d20051 |
||
| 856 |
_uhttp://koha.tu.koszalin.pl/cgi-bin/koha/opac-detail.pl?biblionumber=20051 _yKatalog online BPK |
||